000
00315nam a2200133Ia 4500
100
_a
Bindra/ R.C./ Dass/ T.
650
_a
Chemistry
942
_c
RB
654
_a
Social Studies
245
_a
Social Studies and Enterpreneurship
260
_b
New Heights
_a
New Delhi
_c
1984
082
_a
362.85
546
_a
ENGLISH
999
_c
32637
_d
32637